Estatutos de la Cooperativa de Funcionarios de la Diputación Provincial de Barcelona
Descripción Física:
21 p. ; 16 cm
MARC
| LEADER | 00000nam a2200000Ia 4500 | ||
|---|---|---|---|
| 001 | 19562 | ||
| 008 | 160829s1949 xx 000 0 cat d | ||
| 080 | |a FU-8-45 | ||
| 245 | |a Estatutos de la Cooperativa de Funcionarios de la Diputación Provincial de Barcelona | ||
| 260 | |a Barcelona : |b Obra Sindical Cooperación, |c 1949 | ||
| 300 | |a 21 p. ; |c 16 cm | ||
| 590 | |a Prové de C-744, exp. 6 | ||
| 610 | 1 | 0 | |a Barcelona (Catalunya : Província). |b Diputació |x Funcionaris i empleats |9 54684 |
| 856 | 4 | |u https://media.diba.cat/diba/fitxers/arxiu/fulletons/bib_19562_baixa.pdf |y Accés lliure | |
| 856 | 4 | |u https://media.diba.cat/diba/fitxers/arxiu/fulletons/bib_19562_baixa.pdf |y Accés lliure | |
| 901 | |a Arxiu | ||
| 942 | |n 1 |2 udc | ||
| 952 | |0 0 |1 0 |4 0 |6 FU845 |7 1 |9 53391 |a Arxiu |b Arxiu |d 2016-12-01 |l 0 |o FU-8-45 |p 19562 |r 2016-12-01 00:00:00 |w 2016-12-01 |y ARXIU | ||
| 999 | |c 57256 |d 57256 | ||
| 900 | |a bib_19562_baixa.pdf | ||